00966nam a2200265 i 4500003000900000005001700009007000300026008004100029020001500070040003000085082001300115100002600128240003400154245016300188250001800351264005800369300002600427336002700453337003300480338002800513490001300541500007000554500003500624700004100659DO-SdBNP20240827154439.0ta240827s1987 sp 000 spa d a8401333431 aDO-SdBNPbspacBNPHUerda 222bO12f1 aObiols, Raimoneautor aEls futurs imperfectes /lcat14aLos futuros imperfectos : buna aproximación a los sueños y a los deseos viables de la izquierda / cRaimon Obiols ; traducción de Carolina Roses Declos a1a. edición 1aBarcelona, España :bEditora Plaza & James, c1987. a196 páginasc22 cm. 2rdacontentatextobtxt 2rdamediaasin mediaciónbn 2rdacarrieravolumenbnc1 aEpocav1 aIncluye datos biografícos del autor en la solapa de la portada. aIncluye índice onomástico.1 aRoses Declos, Carolinaetraducción